| 000 | 00539 a2200157 4500 | ||
|---|---|---|---|
| 999 |
_c2294 _d2294 |
||
| 020 | _a9780869228890 | ||
| 050 | 0 | 0 | _aHF5415.13 VIR 2016 |
| 100 | 1 |
_aViriri, Piason. _eauthor |
|
| 245 | 1 | 0 |
_aMarketing Management : _ba Zimbabwean Perspective / _cPiason Viriri. |
| 264 | 1 |
_aGweru : _bMambo Press, _c2016. |
|
| 300 |
_a v. 151p. : _bill. |
||
| 500 | _aIncludes bibliographical references (pages 148-151). | ||
| 504 | _aIncludes bibliographical references (pages 148-151). | ||
| 650 | 0 |
_aMarketing _xManagement. |
|
| 942 |
_2lcc _cBK _h5415.13 _iVIR _kHF |
||